Κοινωνικές επιπτώσεις του τουρισμού : στάσεις και απόψεις των ντόπιων απέναντι στους τουρίστες : η περίπτωση του Μολύβου στο Ν. Λέσβου : πτυχιακή εργασία
Αποθηκεύτηκε σε:
| Κύριος συγγραφέας: | |
|---|---|
| Συγγραφή απο Οργανισμό/Αρχή: | |
| Άλλοι συγγραφείς: | |
| Μορφή: | Thesis Βιβλίο |
| Γλώσσα: | Greek |
| Δημοσίευση: |
2000.
|
| Θέματα: | |
| Ετικέτες: |
Προσθήκη ετικέτας
Δεν υπάρχουν, Καταχωρήστε ετικέτα πρώτοι!
|
MARC
| LEADER | 00000cam a2200000 i 4500 | ||
|---|---|---|---|
| 001 | 1/13217 | ||
| 008 | 001121s2000 gr | ||| |||| ||gre|| | ||
| 035 | |l 10064532 | ||
| 040 | |a GR-MyUa |b gre |e AACR2 | ||
| 041 | 0 | |a gre | |
| 082 | 0 | |a ΔΙΕ | |
| 100 | 1 | |a Γκαραγκούνης, Αθανάσιος. | |
| 245 | 1 | 0 | |a Κοινωνικές επιπτώσεις του τουρισμού : |b στάσεις και απόψεις των ντόπιων απέναντι στους τουρίστες : η περίπτωση του Μολύβου στο Ν. Λέσβου : πτυχιακή εργασία / |c Γκαραγκούνης Αθανάσιος ; επίβλεψη εργασίας Τερκενλή Θεανώ. |
| 260 | |c 2000. | ||
| 300 | |a 214 σ. : |b πιν.; φωτ. ; |c 30 εκ. | ||
| 502 | |a Πτυχιακή εργασία – Πανεπιστήμιο Αιγαίου, Λέσβος, 2000. | ||
| 504 | |a Περιέχει βιβλιογραφία. | ||
| 650 | 0 | |a Tourism |z Greece |z Methymna. | |
| 650 | 0 | |a Tourism |x Social aspects |z Greece |z Methymna. | |
| 650 | 0 | |a Tourists |x Research. | |
| 650 | 0 | |a Dissertations, Academic |z Greece. | |
| 700 | 1 | |a Τερκενλή, Θεανώ Σ. |e dgsf | |
| 710 | 2 | |a Πανεπιστήμιο Αιγαίου. |b Σχολή Κοινωνικών Επιστημών. |b Τμήμα Γεωγραφίας. | |
| 852 | |a INST |b LESVOS |c DIATR |e 20001121 |h 67 |p 005100027379 |q 005100027379 |t DIE |y 23 | ||
| 852 | |a INST |b LESVOS |c DIATR |e 20001121 |h 68 |p 005100027378 |q 005100027378 |t DIE |y 23 | ||
| 901 | |a BIBL1-2000-3 | ||
| 924 | |a Γκαραγκούνης |b Αθανάσιος |y Λέσβος |z 2000-11 | ||
| 970 | |a ΚΑΜΑΤΣΟΥ |b ΔΕΣΠΟΙΝΑ |z 2000/11/21 | ||